Introduction to process control /

Guardado en:
Autor Principal: Romagnoli, José A.
Otros Autores: Palazoglu, Ahmet.
Formato: Libro
Idioma:English
Publicado: New York : Taylor & Francis, 2006.
Materias:
Acceso en línea:Descripción
Etiquetas: Agregar Etiqueta
Sin Etiquetas, Sea el primero en etiquetar este registro!
LEADER 00848cam a22002295a 4500
001 EIQ.libpla001679
008 050218s2006####nyua#####b####001#0#eng#d
005 20061201161550.0
245 1 0 |a Introduction to process control /  |c José A. Romagnoli, Ahmet Palazoglu. 
260 |a New York :  |b Taylor & Francis,  |c 2006. 
300 |a 528 p. :  |b il. ;  |c 23 cm. 
504 |a Incluye referencias bibliográfica e índice. 
020 |a 0849334969 (alk. paper) 
100 1 |a Romagnoli, José A.  |q (José Alberto) 
700 1 |a Palazoglu, Ahmet. 
082 0 0 |a 660/.2815  |2 22 
650 4 |a Química  |x Control de procesos. 
650 4 |a Chemical  |x Process control. 
010 |a  2005041371 
040 |a DLC  |c DLC  |d AR-BbSID 
856 4 2 |3 Descripción  |u http://www.loc.gov/catdir/enhancements/fy0648/2005041371-d.html 
859 |a AR-BbSID  |b BIB. PLAPIQUI  |h 660.281 5  |i R 66  |p 5903